| 000 | 00378nam a2200157Ia 4500 | ||
|---|---|---|---|
| 008 | 230917s9999||||xx |||||||||||||| ||und|| | ||
| 040 |
_e188924 _aMAIN |
||
| 041 | _aEnglish | ||
| 082 | _a361.6 K156S(5) | ||
| 100 | _aKataria, Surendra | ||
| 245 | 0 | _aSamajik prashasan | |
| 250 | _a5th ed. | ||
| 260 |
_aJaipur _bRBSA Publishers _c2010 |
||
| 300 | _axx, 372 p. | ||
| 942 | _cBK | ||
| 999 |
_c158605 _d158605 |
||